[Event "Winnipeg TNT 2023.07"]
[Site "Winnipeg CAN"]
[Date "2023.07.25"]
[Round "4.3"]
[White "Currie, James"]
[Black "Dhillon, Iqvinder"]
[Result "1/2-1/2"]
[WhiteElo "1900"]
[BlackElo "1906"]
[PlyCount "125"]
[EventDate "2023.07.04"]
[EventType "swiss"]
[EventRounds "4"]
[EventCountry "CAN"]

1. e4 Nc6 2. d3 e5 3. Nf3 Nf6 4. g3 Bc5 5. Nxe5 Bxf2+ 6. Kxf2 Nxe5 7. h3 d6 8.
Bg2 c6 9. d4 Ng6 10. Nd2 O-O 11. Re1 Bd7 12. Kg1 h6 13. c3 Qc7 14. Kh2 Rae8 15.
b3 Qc8 16. Nc4 Qc7 17. Ba3 c5 18. e5 d5 19. Nd6 Ne4 20. Bxe4 dxe4 21. Bxc5 Re6
22. Nxe4 Rd8 23. Bd6 Qc8 24. Nc5 Rxd6 25. exd6 Bxh3 26. d7 Bxd7 27. Nxd7 Qxd7
28. Qf3 Nf8 29. d5 Nh7 30. Re5 Ng5 31. Rxg5 hxg5 32. c4 Re8 33. Rf1 Re5 34. b4
g4 35. Qd3 Qd6 36. Qd2 b5 37. Qf4 Re2+ 38. Kg1 Qxf4 39. Rxf4 bxc4 40. Rxc4 Rxa2
41. Rc8+ Kh7 42. Rc7 Kg6 43. b5 Rd2 44. d6 Kf6 45. Rxa7 Rxd6 46. Ra6 Ke7 47. b6
Rd1+ 48. Kf2 Rb1 49. Ke3 Kd6 50. Ra7 Rxb6 51. Rxf7 Ke6 52. Rxg7 Rb3+ 53. Kf4
Rb4+ 54. Kg5 Ra4 55. Kh4 Kf6 56. Rg8 Kf5 57. Kh5 Kf6 58. Rf8+ Kg7 59. Rf5 Rd4
60. Ra5 Rc4 61. Rf5 Ra4 62. Kh4 Kg8 63. Rh5 1/2-1/2

[Event "Winnipeg TNT 2023.07"]
[Site "Winnipeg CAN"]
[Date "2023.07.25"]
[Round "4.4"]
[White "Kahanda, Inuri"]
[Black "Letain, Cory"]
[Result "0-1"]
[WhiteElo "1621"]
[BlackElo "1710"]
[PlyCount "66"]
[EventDate "2023.07.04"]
[EventType "swiss"]
[EventRounds "4"]
[EventCountry "CAN"]

1. d4 Nf6 2. Bf4 e6 3. e3 h5 4. Nf3 d5 5. Bd3 Nc6 6. c3 Be7 7. Nbd2 Nd7 8. h4
a6 9. Qe2 b5 10. e4 Nb6 11. e5 Nc4 12. Nxc4 bxc4 13. Bc2 Bd7 14. Ng5 Bxg5 15.
hxg5 g6 16. g4 h4 17. f3 Qe7 18. Qf2 h3 19. Qg3 Nxd4 20. cxd4 Qb4+ 21. Bd2 Qxb2
22. Rc1 Qxd4 23. f4 Bb5 24. a4 Bc6 25. Rxh3 O-O-O 26. Rb1 Qa7 27. Rxh8 Rxh8 28.
Qg2 Qc5 29. Qf2 d4 30. Bb4 Rh1+ 31. Kd2 c3+ 32. Kd3 Rh3+ 33. Ke2 Qc4+ 0-1

[Event "Winnipeg TNT 2023.07"]
[Site "Winnipeg CAN"]
[Date "2023.07.25"]
[Round "4.5"]
[White "Peirson, Daniel"]
[Black "Hansima, Charitha"]
[Result "1/2-1/2"]
[WhiteElo "1669"]
[BlackElo "1608"]
[PlyCount "126"]
[EventDate "2023.07.04"]
[EventType "swiss"]
[EventRounds "4"]
[EventCountry "CAN"]

1. e4 e6 2. Nf3 d5 3. Nc3 c5 4. exd5 exd5 5. d4 c4 6. b3 cxb3 7. axb3 a6 8. Bd3
Nf6 9. Qe2+ Qe7 10. O-O Qxe2 11. Bxe2 Bb4 12. Nb5 O-O 13. c3 Be7 14. Bf4 Bd7
15. Nd6 b6 16. Nb5 Nc6 17. Nc7 a5 18. Nxa8 Rxa8 19. Ne5 Nxe5 20. dxe5 Ne4 21.
c4 dxc4 22. Bxc4 Re8 23. Bd5 Nc3 24. Bf3 Be6 25. Rac1 Bb4 26. Be3 Bxb3 27. Bxb6
Be6 28. Bd4 Nd5 29. Rfd1 Nf4 30. Bc5 Bb3 31. Rd6 Rc8 32. g3 Ne6 33. Be3 Rxc1+
34. Bxc1 Bxd6 35. exd6 Ba4 36. Bd2 Nd4 37. Bd5 Nf5 38. Bf4 Bd7 39. Kf1 Kf8 40.
Ke2 h6 41. h4 Ke8 42. Kd3 Be6 43. Bc6+ Bd7 44. Bd5 Be6 45. Be4 Kd7 46. Bxf5
Bxf5+ 47. Kc4 Bc2 48. Kc3 Bd1 49. Kc4 a4 50. Kb4 Bb3 51. h5 Bd1 52. Be5 f6 53.
Bf4 Bxh5 54. Kxa4 g5 55. Be3 Kxd6 56. Kb4 Kd5 57. Kc3 Ke4 58. Bd4 f5 59. Bg7
Kf3 60. Bxh6 Kxf2 61. Bxg5 Kxg3 62. Kd4 f4 63. Bxf4+ Kxf4 1/2-1/2

[Event "Winnipeg TNT 2023.07"]
[Site "Winnipeg CAN"]
[Date "2023.07.25"]
[Round "4.6"]
[White "Ling, Aiden"]
[Black "Bonness, Will"]
[Result "0-1"]
[WhiteElo "1514"]
[BlackElo "1848"]
[PlyCount "118"]
[EventDate "2023.07.04"]
[EventType "swiss"]
[EventRounds "4"]
[EventCountry "CAN"]

1. e4 d5 2. exd5 Qxd5 3. Nc3 Qd8 4. Nf3 Bg4 5. Be2 e6 6. O-O Nf6 7. d4 c6 8.
Bg5 Be7 9. Re1 O-O 10. Qd2 Nbd7 11. Rad1 Qc7 12. h3 Bxf3 13. Bxf3 Rfe8 14. Qe2
Rad8 15. Ne4 Nxe4 16. Bxe7 Nc3 17. bxc3 Rxe7 18. c4 Ree8 19. d5 cxd5 20. cxd5
Nf8 21. c4 g6 22. Qc2 exd5 23. Bxd5 Rxe1+ 24. Rxe1 Rxd5 25. Qe4 Rc5 26. Rc1 b5
27. Kf1 bxc4 28. Rc3 Ne6 29. g3 Qc6 30. Qxc6 Rxc6 31. Ke2 Nd4+ 32. Ke3 Nb5 33.
Rc2 f5 34. a4 Re6+ 35. Kd2 Nd6 36. Kc3 a5 37. Kd4 Kf7 38. Kc5 Ke7 39. Kb6 Re5
40. Kc6 Ne4 41. f4 Rc5+ 42. Kb6 c3 43. h4 Rd5 44. Ka6 Kd6 45. Kb6 Rc5 46. Rc1
Kd5 47. Rd1+ Kc4 48. Rb1 c2 49. Rc1 Kc3 50. Re1 Kd2 51. Rxe4 fxe4 52. Kxc5
c1=Q+ 53. Kb5 Qc3 54. Kb6 Qb4+ 55. Kc6 e3 56. Kd5 e2 57. Ke6 e1=Q+ 58. Kf7
Qee7+ 59. Kg8 Qb8# 0-1

[Event "Winnipeg TNT 2023.07"]
[Site "Winnipeg CAN"]
[Date "2023.07.25"]
[Round "4.7"]
[White "Gao, Leo"]
[Black "Roberts, Allan"]
[Result "1-0"]
[WhiteElo "1035"]
[BlackElo "1482"]
[PlyCount "55"]
[EventDate "2023.07.04"]
[EventType "swiss"]
[EventRounds "4"]
[EventCountry "CAN"]

1. e4 g6 2. Nf3 Bg7 3. d4 d6 4. Nc3 Nf6 5. Be2 c6 6. Bg5 O-O 7. Qd2 b5 8. Bd3
Nbd7 9. h4 Bb7 10. Bh6 a6 11. h5 Ng4 12. hxg6 Bxh6 13. Rxh6 Nxh6 14. Qxh6 fxg6
15. Ng5 Nf6 16. e5 dxe5 17. Ne6 Rf7 18. Nxd8 Rxd8 19. dxe5 Ng4 20. Qh4 Nxf2 21.
e6 Nxd3+ 22. cxd3 Rf6 23. Ne4 Rxe6 24. O-O-O Re5 25. d4 Red5 26. Qxe7 Rf8 27.
Nf6+ Rxf6 28. Qxf6 1-0

[Event "Winnipeg TNT 2023.07"]
[Site "Winnipeg CAN"]
[Date "2023.07.25"]
[Round "4.8"]
[White "Wijekoon, Dilki"]
[Black "Kumbharathi, Harsha"]
[Result "1-0"]
[WhiteElo "1369"]
[BlackElo "1547"]
[PlyCount "118"]
[EventDate "2023.07.04"]
[EventType "swiss"]
[EventRounds "4"]
[EventCountry "CAN"]

1. e4 c6 2. Nc3 d5 3. exd5 cxd5 4. d4 Nc6 5. Be2 Bf5 6. a3 Qb6 7. Nf3 e6 8. O-O
Bd6 9. h3 Nge7 10. Bd3 Bxd3 11. Qxd3 Nf5 12. Be3 O-O 13. Rfe1 a6 14. Ne2 Rac8
15. c3 Rfe8 16. Bf4 Qc7 17. Bxd6 Qxd6 18. b4 b5 19. Rac1 Nce7 20. Ne5 Ng6 21.
Nxg6 fxg6 22. Rc2 Re7 23. Nc1 Kf7 24. Nb3 Qc6 25. Nc5 Nd6 26. Qf3+ Kg8 27. Rxe6
Rxe6 28. Nxe6 Nc4 29. Re2 Nxa3 30. Nc5 Rf8 31. Qg4 Re8 32. Rxe8+ Qxe8 33. Nxa6
Qe1+ 34. Kh2 Qxc3 35. Qe6+ Kf8 36. Qxd5 Qd2 37. Qf3+ Ke7 38. Qxa3 Qxf2 39. Qd3
Qf4+ 40. Kg1 Qc1+ 41. Qf1 Qe3+ 42. Qf2 Qc3 43. Qe2+ Kf7 44. Qf3+ Qxf3 45. gxf3
Ke6 46. Kf2 Kf5 47. Ke3 Kg5 48. Nc7 Kh4 49. d5 Kxh3 50. d6 Kg3 51. d7 h5 52.
d8=Q h4 53. Qg5+ Kh3 54. Qg4+ Kh2 55. Qxh4+ Kg1 56. Qf2+ Kh1 57. f4 g5 58. fxg5
g6 59. Qe2 Kg1 1-0

[Event "Winnipeg TNT 2023.07"]
[Site "Winnipeg CAN"]
[Date "2023.07.25"]
[Round "4.9"]
[White "March, John"]
[Black "Punay, Darius"]
[Result "1/2-1/2"]
[WhiteElo "1406"]
[BlackElo "1279"]
[PlyCount "42"]
[EventDate "2023.07.04"]
[EventType "swiss"]
[EventRounds "4"]
[EventCountry "CAN"]

1. c4 e5 2. g3 d5 3. e3 Nf6 4. Bg2 dxc4 5. Nc3 c6 6. Nge2 Be7 7. O-O O-O 8. b3
cxb3 9. axb3 Be6 10. d4 Nbd7 11. Ba3 Bxa3 12. Rxa3 a6 13. Ne4 Qe7 14. Nxf6+
Nxf6 15. Ra1 Rad8 16. Qc2 exd4 17. Nxd4 Bd5 18. Nf5 Qe6 19. Nd4 Qe7 20. Nf5 Qe6
21. Nd4 Qe7 1/2-1/2

[Event "Winnipeg TNT 2023.07"]
[Site "Winnipeg CAN"]
[Date "2023.07.25"]
[Round "4.10"]
[White "Punay, Rhailey"]
[Black "Gannon, Keith"]
[Result "1/2-1/2"]
[WhiteElo "1362"]
[BlackElo "1467"]
[PlyCount "139"]
[EventDate "2023.07.04"]
[EventType "swiss"]
[EventRounds "4"]
[EventCountry "CAN"]

1. e4 g6 2. d4 Bg7 3. Nc3 b6 4. Be3 Bb7 5. f3 e6 6. Qd2 Nc6 7. O-O-O d5 8. e5
Qd7 9. Nge2 O-O-O 10. h4 h5 11. g3 Bh6 12. Bxh6 Nxh6 13. Bh3 Ne7 14. g4 hxg4
15. fxg4 Nhg8 16. Bg2 f5 17. exf6 Nxf6 18. g5 Nh5 19. Rdf1 Rdf8 20. Qd3 Rxf1+
21. Rxf1 Nf5 22. Rh1 c6 23. Nd1 Qd6 24. Ne3 Nf4 25. Nxf4 Qxf4 26. Rh3 Rxh4 27.
Rxh4 Nxh4 28. Bh3 Qxg5 29. Bxe6+ Kc7 30. Kd1 Qg1+ 31. Qf1 Qxf1+ 32. Nxf1 g5 33.
Ke2 Ba6+ 34. Kf2 Kd6 35. Bh3 c5 36. c3 cxd4 37. cxd4 Bc4 38. b3 Bd3 39. Nd2 Bf5
40. Bxf5 Nxf5 41. Nf3 g4 42. Ne1 Nxd4 43. Kg3 a5 44. Kxg4 Kc5 45. Nd3+ Kc6 46.
Kf4 Ne2+ 47. Ke3 Nc3 48. Nc1 b5 49. Kd3 b4 50. Kd4 Nb5+ 51. Kd3 d4 52. Kc4 Kb6
53. Ne2 Nc3 54. Nxd4 Nxa2 55. Kd5 Nc1 56. Kc4 Na2 57. Kd5 Nc3+ 58. Kc4 Ne4 59.
Nc2 Nd6+ 60. Kd5 Nb5 61. Kc4 Na3+ 62. Nxa3 bxa3 63. Kc3 Kb5 64. Kc2 Kb4 65. Kb1
Kxb3 66. Ka1 a4 67. Kb1 Kc3 68. Ka1 Kb3 69. Kb1 a2+ 70. Ka1 1/2-1/2

[Event "Winnipeg TNT 2023.07"]
[Site "Winnipeg CAN"]
[Date "2023.07.25"]
[Round "4.11"]
[White "Exconde, Luis"]
[Black "Trueman, Francis"]
[Result "0-1"]
[WhiteElo "1337"]
[BlackElo "1408"]
[Annotator "aboro"]
[PlyCount "71"]
[EventDate "2023.07.04"]
[EventType "swiss"]
[EventRounds "4"]
[EventCountry "CAN"]

1. d4 d6 2. c4 Nd7 3. Nc3 e5 4. d5 Ngf6 5. e4 g6 6. Bg5 Bg7 7. Bd3 O-O 8. Nge2
a5 9. a4 Nc5 10. Bc2 Bd7 11. Qd2 c6 12. h3 Rb8 13. O-O b5 14. axb5 cxb5 15.
cxb5 Bxb5 16. Bxf6 Bxf6 17. f3 Qb6 18. Kh1 Bc4 19. Rfb1 Qd8 20. Na4 Bg5 21. Qe1
Nb3 22. Bxb3 Rxb3 23. Nac3 Qb8 24. Ra2 Rb7 25. Rxa5 Rxb2 26. Rxb2 Qxb2 27. Qd1
Qb4 28. Ra4 Qb3 29. Qxb3 Bxb3 30. Ra6 Rd8 31. Nb5 Bc4 32. Nec3 Rb8 33. Nxd6
Bxa6 34. g3 Rd8 35. Ndb5 Rb8 36. Nd6 {and Black won in 53 moves} 0-1

[Event "Winnipeg TNT 2023.07"]
[Site "Winnipeg CAN"]
[Date "2023.07.25"]
[Round "4.12"]
[White "Wang, Junjie"]
[Black "Boron, Anthony"]
[Result "0-1"]
[WhiteElo "1248"]
[BlackElo "2014"]
[PlyCount "102"]
[EventDate "2023.07.04"]
[EventType "swiss"]
[EventRounds "4"]
[EventCountry "CAN"]

1. e4 c5 2. Bc4 e6 3. Nc3 Nc6 4. Nf3 d6 5. O-O Nf6 6. d3 Be7 7. h3 a6 8. a3 b5
9. Ba2 h6 10. Ne2 Bb7 11. c3 Rc8 12. Bb1 g5 13. d4 g4 14. hxg4 Nxg4 15. dxc5
dxc5 16. Nd2 Qc7 17. g3 h5 18. Nf4 Rd8 19. Qe2 Nce5 20. Ng2 c4 21. b3 cxb3 22.
Nxb3 Qxc3 23. Qc2 Qxc2 24. Bxc2 Rc8 25. Bd3 Nxd3 26. Be3 Bxe4 27. Bd4 e5 28.
Bb6 Bxg2 29. Kxg2 h4 30. Kf3 Nh2+ 31. Ke2 Nb2 32. Rh1 hxg3 33. fxg3 Rc2+ 34.
Ke3 Rc3+ 35. Kf2 Ng4+ 36. Ke2 Rxh1 37. Rxh1 Rxb3 38. Rh8+ Kd7 39. Rg8 Nf6 40.
Rg7 Nc4 41. Bf2 Ke6 42. g4 Rxa3 43. g5 Nh5 44. Rh7 Nf4+ 45. Kd1 Ra2 46. Be3
Nxe3+ 47. Kc1 Rc2+ 48. Kb1 Nfd5 49. Rh6+ f6 50. g6 Nc3+ 51. Ka1 Ra2# 0-1

[Event "Winnipeg TNT 2023.08"]
[Site "Winnipeg CAN"]
[Date "2023.08.01"]
[Round "1.1"]
[White "Babb, Jeff"]
[Black "Guan, Marcus"]
[Result "1-0"]
[WhiteElo "2116"]
[BlackElo "1610"]
[PlyCount "111"]
[EventDate "2023.08.01"]
[EventType "swiss"]
[EventRounds "4"]
[EventCountry "CAN"]

1. f4 Nf6 2. Nf3 d5 3. g3 Bg4 4. Bg2 c6 5. c3 e6 6. Ne5 Bf5 7. d3 Nbd7 8. Nd2
Bd6 9. Ndf3 Qc7 10. Nxd7 Nxd7 11. Qc2 O-O 12. e4 dxe4 13. dxe4 Bg6 14. Be3 e5
15. f5 Bh5 16. h3 Bxf3 17. Bxf3 Bc5 18. Bxc5 Nxc5 19. O-O-O b5 20. g4 Qb6 21.
Kb1 b4 22. cxb4 Qxb4 23. a3 Qb6 24. Ka2 Rab8 25. b4 Na6 26. Rb1 Rfc8 27. Be2
Nc7 28. Rhc1 Nb5 29. Bxb5 Qxb5 30. Qc4 Qa4 31. Qb3 Qb5 32. Rb2 Rc7 33. Qc4 Rbc8
34. Rbc2 Qb7 35. Qc5 f6 36. h4 Qa6 37. Qc4+ Qxc4+ 38. Rxc4 a6 39. Kb3 g6 40.
Ka4 a5 41. bxa5 Kf7 42. Rc5 Ke7 43. a6 Kd6 44. Ra5 Ra7 45. Rf1 Ke7 46. fxg6
hxg6 47. g5 fxg5 48. hxg5 c5 49. Rf6 Rd8 50. Rxc5 Rd4+ 51. Kb5 Rxe4 52. Rxg6
Kf7 53. Rf6+ Ke7 54. Kb6 Rd7 55. a7 Rd8 56. Ra5 1-0

[Event "Winnipeg TNT 2023.08"]
[Site "Winnipeg CAN"]
[Date "2023.08.01"]
[Round "1.2"]
[White "Kahanda, Inuri"]
[Black "Anderson, Collin"]
[Result "1-0"]
[WhiteElo "1569"]
[BlackElo "2031"]
[PlyCount "55"]
[EventDate "2023.08.01"]
[EventType "swiss"]
[EventRounds "4"]
[EventCountry "CAN"]

1. d4 Nf6 2. Bf4 g6 3. e3 Bg7 4. Nf3 O-O 5. Bd3 d5 6. Nbd2 Nbd7 7. h3 c5 8. c3
Qb6 9. Rb1 Re8 10. Bh2 Qa5 11. a4 c4 12. Bc2 Nf8 13. O-O Bf5 14. Bxf5 gxf5 15.
Ne5 Ne4 16. Nxe4 fxe4 17. Qh5 Ng6 18. f4 Nxe5 19. fxe5 Rf8 20. Rf4 Qb6 21. Rg4
Kh8 22. Bf4 Qe6 23. Rf1 Rg8 24. Bg5 Raf8 25. Rh4 Qg6 26. Bxe7 Re8 27. Rxf7 Bh6
28. Bf6+ 1-0

[Event "Winnipeg TNT 2023.08"]
[Site "Winnipeg CAN"]
[Date "2023.08.01"]
[Round "1.3"]
[White "Dhillon, Iqvinder"]
[Black "Elias, Mackay"]
[Result "1-0"]
[WhiteElo "1885"]
[BlackElo "1512"]
[PlyCount "45"]
[EventDate "2023.08.01"]
[EventType "swiss"]
[EventRounds "4"]
[EventCountry "CAN"]

1. b3 d5 2. Bb2 Bg4 3. h3 Bh5 4. Nf3 e6 5. e3 Nf6 6. Be2 Bd6 7. O-O O-O 8. Ne5
Bxe2 9. Qxe2 c6 10. f4 Qc7 11. Ng4 Nbd7 12. d3 c5 13. Nd2 d4 14. Ne4 Nxe4 15.
dxe4 dxe3 16. e5 Be7 17. c4 a6 18. Qxe3 b5 19. f5 h5 20. Nh6+ Kh7 21. f6 gxf6
22. exf6 Bd6 23. Qg5 1-0

[Event "Winnipeg TNT 2023.08"]
[Site "Winnipeg CAN"]
[Date "2023.08.01"]
[Round "1.4"]
[White "Gannon, Keith"]
[Black "Atem, James"]
[Result "0-1"]
[WhiteElo "1463"]
[BlackElo "1798"]
[PlyCount "126"]
[EventDate "2023.08.01"]
[EventType "swiss"]
[EventRounds "4"]
[EventCountry "CAN"]

1. b3 d5 2. Bb2 Nc6 3. d4 g6 4. Nd2 Bg7 5. e3 Nf6 6. Ngf3 Bg4 7. Be2 Qd6 8. O-O
a6 9. a4 O-O 10. Ne5 Bxe2 11. Qxe2 a5 12. Nxc6 Qxc6 13. Nf3 Ne4 14. c4 e6 15.
cxd5 exd5 16. Rfc1 Qb6 17. Qb5 Qxb5 18. axb5 Rfc8 19. Rc2 c6 20. bxc6 bxc6 21.
Nd2 Nd6 22. Rac1 Ra6 23. Ba3 Nb5 24. Bc5 Bf6 25. g3 Rca8 26. h4 a4 27. bxa4
Rxa4 28. Kg2 Kg7 29. Kf3 Ra2 30. Rxa2 Rxa2 31. Nf1 h5 32. Bb6 Nd6 33. Bc7 Ne4
34. Kg2 Nxf2 35. Rxc6 Ng4+ 36. Kg1 Ra1 37. Kg2 Ra2+ 38. Kg1 Ra1 39. Kg2 Re1 40.
Bf4 Re2+ 41. Kg1 Nf2 42. Be5 Bxe5 43. dxe5 Ng4 44. e6 Nxe3 45. Nxe3 Rxe3 46.
exf7 Kxf7 47. Kf2 Re6 48. Rc7+ Re7 49. Rc5 Ke6 50. Rc6+ Kf5 51. Kf3 Re6 52. Rc8
d4 53. Rd8 Ke5 54. g4 hxg4+ 55. Kxg4 Ke4 56. h5 gxh5+ 57. Kxh5 d3 58. Kg4 Ke3
59. Kg3 d2 60. Kg2 Ke2 61. Kg1 Rg6+ 62. Kh2 d1=Q 63. Rxd1 Kxd1 0-1

[Event "Winnipeg TNT 2023.08"]
[Site "Winnipeg CAN"]
[Date "2023.08.01"]
[Round "1.5"]
[White "Thompson, Peter"]
[Black "Wijekoon, Dilki"]
[Result "1-0"]
[WhiteElo "1775"]
[BlackElo "1456"]
[PlyCount "73"]
[EventDate "2023.08.01"]
[EventType "swiss"]
[EventRounds "4"]
[EventCountry "CAN"]

1. e4 e5 2. Nf3 Nc6 3. Bc4 Bc5 4. d3 h6 5. Nc3 d6 6. Be3 Bb6 7. h3 Nf6 8. Qd2
Be6 9. g4 Bxe3 10. Qxe3 g5 11. O-O-O a6 12. Bxe6 fxe6 13. d4 exd4 14. Nxd4 Nxd4
15. Qxd4 e5 16. Qc4 Qd7 17. Rd3 b5 18. Qb4 Rf8 19. f3 Ke7 20. Rhd1 Qc6 21. Ne2
Qb6 22. Ng3 Kd7 23. Nf5 Ne8 24. Qc3 Kc8 25. Nxd6+ Nxd6 26. Rxd6 Qb7 27. Rxh6
Qa7 28. Rh7 Rb8 29. Kb1 Rb7 30. Qxe5 a5 31. Rh8 Rb6 32. Rxf8+ Kb7 33. Qd5+ Rc6
34. Rf6 Qb6 35. Rxc6 Qa7 36. Re6+ Kc8 37. Re8# 1-0

[Event "Winnipeg TNT 2023.08"]
[Site "Winnipeg CAN"]
[Date "2023.08.01"]
[Round "1.6"]
[White "Ling, Aiden"]
[Black "Abdildin, Amangeldi"]
[Result "1/2-1/2"]
[WhiteElo "1448"]
[BlackElo "1760"]
[PlyCount "105"]
[EventDate "2023.08.01"]
[EventType "swiss"]
[EventRounds "4"]
[EventCountry "CAN"]

1. e4 c6 2. d4 d5 3. exd5 cxd5 4. c4 Nf6 5. Nc3 e6 6. Bg5 Bb4 7. cxd5 Qa5 8.
Nge2 Nxd5 9. Bd2 Nc6 10. Nxd5 Bxd2+ 11. Qxd2 Qxd5 12. Nc3 Qxd4 13. Qxd4 Nxd4
14. Rd1 Nc2+ 15. Kd2 Nb4 16. Nb5 Ke7 17. Kc3 Nd5+ 18. Kc2 Bd7 19. Bc4 Rac8 20.
Kb3 Bxb5 21. Bxb5 Rhd8 22. Rhe1 a6 23. Bc4 Nb6 24. Bd3 Nd7 25. Bc4 b5 26. Bf1
Nc5+ 27. Kb4 Nb7 28. Rxd8 Rxd8 29. Rc1 Rd4+ 30. Kc3 e5 31. g3 f6 32. Re1 Kd6
33. b4 Nd8 34. Bh3 Rc4+ 35. Kb3 Nc6 36. a3 Nd4+ 37. Kb2 Rc2+ 38. Kb1 Rc3 39.
Kb2 Rb3+ 40. Ka2 Rxa3+ 41. Kxa3 Nc2+ 42. Kb3 Nxe1 43. Bc8 Nf3 44. h4 Nd4+ 45.
Kc3 h6 46. Bxa6 g5 47. h5 f5 48. Bb7 f4 49. g4 Nc6 50. f3 Kc7 51. Ba8 e4 52.
Bxc6 Kxc6 53. fxe4 1/2-1/2

[Event "Winnipeg TNT 2023.08"]
[Site "Winnipeg CAN"]
[Date "2023.08.01"]
[Round "1.7"]
[White "Peirson, Daniel"]
[Black "Roberts, Allan"]
[Result "1-0"]
[WhiteElo "1746"]
[BlackElo "1445"]
[PlyCount "51"]
[EventDate "2023.08.01"]
[EventType "swiss"]
[EventRounds "4"]
[EventCountry "CAN"]

1. e4 e5 2. f4 exf4 3. Nf3 g5 4. h4 g4 5. Ne5 Nf6 6. Nxg4 d6 7. Nxf6+ Qxf6 8.
d4 Nc6 9. c3 Bd7 10. Qf3 Bh6 11. g3 O-O-O 12. Bxf4 Bg7 13. Qe3 d5 14. Be5 Rde8
15. Bxf6 Rxe4 16. Qxe4 dxe4 17. Bxg7 Re8 18. Bh3 f5 19. O-O Rg8 20. Be5 Nxe5
21. dxe5 Rxg3+ 22. Kh2 Re3 23. Bxf5 Re2+ 24. Kg1 Bxf5 25. Rxf5 e3 26. Na3 1-0

[Event "Winnipeg TNT 2023.08"]
[Site "Winnipeg CAN"]
[Date "2023.08.01"]
[Round "1.8"]
[White "Kumbharathi, Harsha"]
[Black "Letain, Cory"]
[Result "0-1"]
[WhiteElo "1441"]
[BlackElo "1726"]
[PlyCount "68"]
[EventDate "2023.08.01"]
[EventType "swiss"]
[EventRounds "4"]
[EventCountry "CAN"]

1. e4 e5 2. Nc3 b6 3. Bc4 Bb7 4. d3 Bc5 5. Nf3 Nf6 6. Nxe5 d5 7. exd5 Nxd5 8.
Qf3 Qe7 9. Bxd5 Qxe5+ 10. Kd1 Bxd5 11. Nxd5 O-O 12. Nxc7 Qxc7 13. Qxa8 Nc6 14.
Bf4 Qd7 15. Qxf8+ Kxf8 16. Bg3 Qg4+ 17. Kd2 Qb4+ 18. Kc1 Nd4 19. c3 Ne2+ 20.
Kc2 Qa4+ 21. Kd2 Nxg3 22. fxg3 Qc6 23. Rhe1 Qxg2+ 24. Re2 Qd5 25. d4 g6 26. Kc2
Qf5+ 27. Kd2 Be7 28. Rae1 Bg5+ 29. Re3 Qf2+ 30. Kd3 Bxe3 31. Rxe3 Qxb2 32. Ke4
Qxa2 33. Ke5 Qe6+ 34. Kf4 Qf5# 0-1

[Event "Winnipeg TNT 2023.08"]
[Site "Winnipeg CAN"]
[Date "2023.08.01"]
[Round "1.11"]
[White "MacPherson, Al"]
[Black "Nallu, Saharsh"]
[Result "1-0"]
[WhiteElo "1653"]
[BlackElo "1063"]
[PlyCount "43"]
[EventDate "2023.08.01"]
[EventType "swiss"]
[EventRounds "4"]
[EventCountry "CAN"]

1. d4 e5 2. dxe5 Bc5 3. e3 d5 4. exd6 cxd6 5. Nc3 Bb4 6. Qd4 Bxc3+ 7. Qxc3 Nf6
8. Nf3 O-O 9. b3 Bg4 10. Bb2 Bxf3 11. gxf3 Nc6 12. O-O-O b5 13. Qxc6 Rc8 14.
Qxd6 h6 15. Qxd8 Rcxd8 16. Bxb5 Nd5 17. Rhg1 g6 18. Bc4 Nb4 19. Rxg6+ Kh7 20.
Rg7+ Kh8 21. Rxf7+ Kg8 22. Rg1# 1-0

[Event "Winnipeg TNT 2023.08"]
[Site "Winnipeg CAN"]
[Date "2023.08.08"]
[Round "2.1"]
[White "Letain, Cory"]
[Black "Babb, Jeff"]
[Result "1-0"]
[WhiteElo "1726"]
[BlackElo "2116"]
[PlyCount "70"]
[EventDate "2023.08.01"]
[EventType "swiss"]
[EventRounds "4"]
[EventCountry "CAN"]

1. e4 e5 2. f4 exf4 3. Nf3 Be7 4. Bc4 Nf6 5. Nc3 Nxe4 6. Bxf7+ Kxf7 7. Nxe4
Bh4+ 8. Kf1 Nc6 9. Nfg5+ Bxg5 10. Qh5+ g6 11. Nxg5+ Kg7 12. Qh4 h6 13. Nf3 Qxh4
14. Nxh4 Rf8 15. Nf3 d6 16. b3 Bg4 17. Bb2+ Kh7 18. Kf2 Rae8 19. a3 Re7 20. h4
Rfe8 21. Ng5+ hxg5 22. hxg5+ Bh5 23. Rh4 Re2+ 24. Kf1 Rxd2 25. Rxf4 Be2+ 26.
Ke1 Rxc2 27. Rf7+ Kg8 28. Rg7+ Kf8 29. Bf6 Bf3+ 30. Kf1 Bxg2+ 31. Kg1 Be4 32.
Rh7 Ne5 33. Bg7+ Kg8 34. Rh8+ Kxg7 35. Rxe8 Nf3+ 1-0

[Event "Winnipeg TNT 2023.08"]
[Site "Winnipeg CAN"]
[Date "2023.08.08"]
[Round "2.2"]
[White "Stordeur, Jackson"]
[Black "Dhillon, Iqvinder"]
[Result "0-1"]
[WhiteElo "1725"]
[BlackElo "1885"]
[PlyCount "62"]
[EventDate "2023.08.01"]
[EventType "swiss"]
[EventRounds "4"]
[EventCountry "CAN"]

1. e4 e6 2. d4 d5 3. Nc3 Nf6 4. e5 Nfd7 5. f4 c5 6. Nf3 Nc6 7. Be3 {
C11 French Defense: Steinitz Variation, Boleslavsky Variation} Qb6 8. Na4 Qa5+
9. c3 cxd4 10. b4 Qc7 11. Nxd4 Nxd4 12. Bxd4 Be7 13. Bd3 f5 14. exf6 Nxf6 15.
O-O O-O 16. Qe2 b6 17. Rae1 Bd7 18. Nb2 Rae8 19. g3 Bd6 20. Bxf6 gxf6 21. Qf3
Kh8 22. Rc1 Bc6 23. a3 e5 24. fxe5 fxe5 25. Qe2 e4 26. Bb1 b5 27. Ba2 Qb6+ 28.
Rf2 Rf3 29. Rcf1 Ref8 30. Kg2 d4 31. Qe1 Rxf2+ 0-1

[Event "Winnipeg TNT 2023.08"]
[Site "Winnipeg CAN"]
[Date "2023.08.08"]
[Round "2.3"]
[White "Atem, James"]
[Black "Peirson, Daniel"]
[Result "0-1"]
[WhiteElo "1798"]
[BlackElo "1746"]
[PlyCount "101"]
[EventDate "2023.08.01"]
[EventType "swiss"]
[EventRounds "4"]
[EventCountry "CAN"]

1. Nf3 Nf6 2. c4 e6 3. Nc3 d5 4. e3 c5 5. Be2 Nc6 6. O-O d4 7. exd4 cxd4 8. Nb5
Bc5 9. d3 a6 10. Na3 Qc7 11. Nc2 h6 12. a3 e5 13. b4 Be7 14. Bd2 O-O 15. Qc1
Bf5 16. b5 axb5 17. cxb5 Na5 18. Qb2 Nd5 19. Bb4 Nf4 20. Nce1 Rfc8 21. Bxe7
Qxe7 22. g3 Nxe2+ 23. Qxe2 Bh3 24. Qxe5 Qxe5 25. Nxe5 Bxf1 26. Kxf1 Rc5 27. f4
Rxb5 28. Rc1 Nc6 29. Nxc6 bxc6 30. Rxc6 Rxa3 31. Rc2 Rb1 32. Ke2 Kh7 33. Nf3
Rh1 34. Nxd4 Rxh2+ 35. Ke3 Rxc2 36. Nxc2 Rc3 37. Kd2 Rc8 38. d4 Kg6 39. Kd3 Kf6
40. Ne3 Ra8 41. d5 g6 42. Kd4 Ke7 43. Nc4 Ra4 44. Kc5 Rxc4+ 45. Kxc4 Kd6 46. g4
h5 47. gxh5 gxh5 48. Kd4 h4 49. Ke4 h3 50. Kd4 h2 51. Ke4 0-1

[Event "Winnipeg TNT 2023.08"]
[Site "Winnipeg CAN"]
[Date "2023.08.08"]
[Round "2.4"]
[White "Hansima, Charitha"]
[Black "Thompson, Peter"]
[Result "0-1"]
[WhiteElo "1670"]
[BlackElo "1775"]
[PlyCount "90"]
[EventDate "2023.08.01"]
[EventType "swiss"]
[EventRounds "4"]
[EventCountry "CAN"]

1. d4 Nf6 2. Bf4 e6 3. e3 b6 4. Nf3 Bb7 5. Nbd2 c5 6. c3 Be7 7. h3 Nc6 8. Bd3
d5 9. O-O O-O 10. Ne5 Nxe5 11. dxe5 Ne4 12. Nxe4 dxe4 13. Bc2 Qc7 14. Qg4 Kh8
15. Rad1 Rad8 16. h4 Ba6 17. Rfe1 Bd3 18. Bxd3 exd3 19. c4 Qc6 20. b3 f6 21.
Qh5 fxe5 22. Bg3 e4 23. Rf1 Rf5 24. Qg4 Rdf8 25. f3 exf3 26. gxf3 Rxf3 27. Rxf3
Qxf3 28. Qxf3 Rxf3 29. Bf2 g5 30. hxg5 Bxg5 31. Rxd3 Kg7 32. Rd7+ Rf7 33. Rd6
Kf6 34. Rd3 Kf5 35. Kg2 Ke4 36. Rc3 Rf3 37. Bg1 Bxe3 38. Bh2 Rf2+ 39. Kg3 Rxa2
40. Kh3 Kd4 41. Be5+ Kxe5 42. Rxe3+ Kf5 43. Kg3 e5 44. Kf3 Rd2 45. Re1 Rd3+ 0-1

[Event "Winnipeg TNT 2023.08"]
[Site "Winnipeg CAN"]
[Date "2023.08.08"]
[Round "2.5"]
[White "Abdildin, Amangeldi"]
[Black "Bonness, Will"]
[Result "0-1"]
[WhiteElo "1760"]
[BlackElo "1843"]
[PlyCount "54"]
[EventDate "2023.08.01"]
[EventType "swiss"]
[EventRounds "4"]
[EventCountry "CAN"]

1. d4 d5 2. c4 e6 3. Nf3 Nf6 4. Bg5 Be7 5. Nc3 h6 6. Bxf6 Bxf6 7. e3 O-O 8. Bd3
dxc4 9. Bxc4 Nd7 10. Rc1 b6 11. d5 exd5 12. Bxd5 Bxc3+ 13. Rxc3 Rb8 14. Rd3 Qf6
15. b4 c5 16. b5 Ne5 17. Nxe5 Qxe5 18. O-O Be6 19. Bc6 Bc4 20. f4 Qe7 21. Rd7
Qxe3+ 22. Rf2 a6 23. a4 a5 24. Bd5 Bxd5 25. Rxd5 Rfe8 26. Re5 Rxe5 27. Qd6 Rbe8
0-1